000 00819nam a22002417a 4500
999 _c12867
_d12867
003 AR-CdUCM
008 190410b ||||| |||| 00| 0 spa d
040 _aMUNICIPALIDAD PROVINCIAL DEL CUSCO
_cBIBLIOTECA MUNICIPAL DEL CUSCO
082 _aES / 373.869 /
_bC95
110 _aBiblioetca Peruana
_930962
245 _aCuentos Peruanos :
_bCon el auspicio del gobierno revolucionario del Perú como parte del programa de divulgación cultural /
260 _aLima :
_bEdiciones Peisa,
_c1973.
300 _a187 paginas ;
_c16 cm.
440 _aCuentos Peruanos
_n16
_930963
500 _aCuentos literatura
650 _aCuentos
_9217
650 _aHistoria
_9136
650 _aLiteratura
_983
650 _aPerú
_935
700 _aMuñoz Rodriguez, Jose
_95607
942 _2ddc
_cLIBROS
945 _apjha
_d2019-04-10